[Event "ICS rated blitz match"]
[Site "204.178.125.65"]
[Date "2000.07.04"]
[Round "?"]
[White "Hossa"]
[Black "PostModernist"]
[Result "0-1"]
[WhiteElo "2503"]
[BlackElo "2614"]
[PlyCount "108"]
[EventDate "2000.??.??"]

1. d4 Nf6 2. c4 e6 3. Nf3 b6 4. g3 Bb7 5. Bg2 c5 6. d5 exd5 7. Nh4 b5 8. cxd5
d6 9. O-O g6 10. Qd3 a6 11. Nc3 Be7 12. e4 Nbd7 13. Nf3 O-O 14. Qc2 Re8 15. Re1
b4 16. Ne2 Bf8 17. Bg5 h6 18. Bxf6 Qxf6 19. Nd2 a5 20. a4 Bg7 21. Rab1 Ba6 22.
Nf4 c4 23. Re3 Rac8 24. Bf1 Nb6 25. Qd1 b3 26. Nxb3 Nxa4 27. Nxa5 Nxb2 28. Qe1
Re7 29. Nc6 Rb7 30. Ra3 Bb5 31. Qd2 Bxc6 32. dxc6 Rxc6 33. Ra8+ Kh7 34. Qd5
Rbc7 35. Rb8 c3 36. Bb5 Rc5 37. Qa8 c2 38. Rc1 Qd4 39. Qa1 Qd2 40. Nd5 Nd3 41.
Bxd3 Bxa1 42. Rxa1 Rxd5 43. Bxc2 Rxc2 44. Rf1 Rd4 45. e5 dxe5 46. Rb5 Qe2 47.
Rbb1 Rdd2 48. Kg2 Qe4+ 49. Kg1 Qf3 50. Rb7 Rxf2 51. Rxf7+ Qxf7 52. Rd1 Rg2+ 53.
Kh1 Rxh2+ 54. Kg1 Rcg2# 0-1

[Event "ICS rated blitz match"]
[Site "204.178.125.65"]
[Date "2000.07.04"]
[Round "?"]
[White "WitPaard"]
[Black "Hossa"]
[Result "0-1"]
[WhiteElo "2177"]
[BlackElo "2492"]
[PlyCount "50"]
[EventDate "2000.??.??"]

1. e4 c5 2. Nf3 b6 3. d4 cxd4 4. Nxd4 Bb7 5. Bd3 e6 6. O-O Nc6 7. Nxc6 dxc6 8.
Qe2 Qc7 9. a4 Bd6 10. f4 Nf6 11. Kh1 Bc5 12. e5 Nd5 13. f5 exf5 14. Bxf5 O-O
15. c4 Ne7 16. Bc2 Bc8 17. Nc3 Ng6 18. Qh5 Be6 19. Ne4 Bxc4 20. Rf3 Qxe5 21.
Bg5 Be2 22. Raf1 f6 23. Bb3+ Kh8 24. Qxg6 hxg6 25. Rh3+ Bh5 0-1

[Event "ICS rated blitz match"]
[Site "204.178.125.65"]
[Date "2000.07.04"]
[Round "?"]
[White "Hossa"]
[Black "WitPaard"]
[Result "1/2-1/2"]
[WhiteElo "2496"]
[BlackElo "2173"]
[PlyCount "62"]
[EventDate "2000.??.??"]

1. e4 e5 2. Nf3 Nc6 3. d4 exd4 4. Nxd4 Nf6 5. Nc3 Bc5 6. Nxc6 bxc6 7. Bc4 d6 8.
O-O Qe7 9. Bg5 Qe5 10. Bxf6 Qxf6 11. Qd2 O-O 12. Na4 Bb6 13. Nxb6 axb6 14. c3
Be6 15. Qd3 b5 16. Bb3 Qg6 17. f4 Bxb3 18. axb3 h6 19. Rxa8 Rxa8 20. Kf2 Ra2
21. Qb1 Ra8 22. Qc2 d5 23. f5 Qh5 24. exd5 cxd5 25. Kg3 Re8 26. Qc1 Re4 27. h3
Re2 28. Rf3 Re4 29. Rf1 Re2 30. Rf3 Re4 31. Rf1 Re2 1/2-1/2

[Event "ICS rated blitz match"]
[Site "204.178.125.65"]
[Date "2000.07.04"]
[Round "?"]
[White "Hossa"]
[Black "tico28"]
[Result "1-0"]
[WhiteElo "2484"]
[BlackElo "1869"]
[PlyCount "25"]
[EventDate "2000.??.??"]

1. e4 e5 2. Nf3 Nc6 3. d4 exd4 4. Nxd4 Bc5 5. Be3 Qf6 6. c3 Nge7 7. Bc4 O-O 8.
O-O Ne5 9. Be2 d6 10. Nb5 Bxe3 11. Nxc7 Qh6 12. Nxa8 Bc5 13. b4 {tico28 resigns
} 1-0

[Event "ICS Rated blitz match"]
[Site "204.178.125.65"]
[Date "2000.07.04"]
[Round "?"]
[White "WitPaard"]
[Black "Hossa"]
[Result "1/2-1/2"]
[WhiteElo "2203"]
[BlackElo "2485"]
[PlyCount "94"]
[EventDate "2000.??.??"]

1. e4 c5 2. Nf3 b6 3. d4 cxd4 4. Nxd4 Bb7 5. Bd3 e6 6. O-O Nc6 7. Nxc6 dxc6 8.
Nc3 Qc7 9. f4 Bc5+ 10. Kh1 O-O-O 11. Qg4 f5 12. exf5 Nh6 13. Qh3 Nxf5 14. Bxf5
exf5 15. Qxf5+ Kb8 16. Qh3 Ba6 17. Re1 Bf2 18. Re5 Bd4 19. Re1 Rdf8 20. Bd2 Bc8
21. Qd3 Bf2 22. Rf1 Bc5 23. Ne4 Rd8 24. Qc3 Bd4 25. Qb3 Rhe8 26. Ng5 h6 27. Nf3
Bc5 28. Bc3 Qxf4 29. Ne5 Qg5 30. Nxc6+ Ka8 31. Nxd8 Re2 32. Rg1 Bxg1 33. Rxg1
Qxd8 34. Qc4 Re7 35. Qd4 Qc7 36. Qd3 h5 37. Qf3+ Bb7 38. Qxh5 Qc4 39. Qh8+ Bc8
40. Bxg7 Qg4 41. Be5 Qf5 42. Bg3 Re2 43. Qc3 Bb7 44. Qh8+ Bc8 45. Qc3 Bb7 46.
Qh8+ Bc8 47. Qc3 Bb7 1/2-1/2

[Event "ICS Rated standard match"]
[Site "204.178.125.65"]
[Date "2000.07.04"]
[Round "?"]
[White "Hossa"]
[Black "PostModernist"]
[Result "1-0"]
[WhiteElo "2241"]
[BlackElo "2397"]
[PlyCount "131"]
[EventDate "2000.??.??"]

1. e4 g6 2. d4 Bg7 3. Nc3 d6 4. f4 a6 5. Nf3 b5 6. Bd3 Nd7 7. a4 bxa4 8. Rxa4
c5 9. d5 Bxc3+ 10. bxc3 Ngf6 11. c4 Nb6 12. Ra3 O-O 13. O-O Bg4 14. e5 Nh5 15.
Qe1 e6 16. Nd2 exd5 17. cxd5 dxe5 18. fxe5 Qxd5 19. Rxa6 Rxa6 20. Bxa6 Bf5 21.
c3 Ra8 22. Be2 Qxe5 23. Nf3 Qd6 24. Bh6 Re8 25. Qf2 Nf6 26. Nd2 Nbd5 27. Rc1
Qe5 28. Bb5 Ng4 29. Nf3 Nxf2 30. Nxe5 Nh3+ 31. gxh3 Rxe5 32. Rd1 Bc2 33. Rd2
Rh5 34. c4 Rxh6 35. cxd5 Bf5 36. d6 Rxh3 37. d7 Bxd7 38. Rxd7 Rh4 39. Rd5 Rh5
40. Rxh5 gxh5 41. Kf2 Kg7 42. Ke3 Kf6 43. Bc4 h4 44. h3 Kg6 45. Ke4 Kf6 46. Bb3
h6 47. Ba2 Kg6 48. Bc4 f5+ 49. Ke5 Kg5 50. Bd3 f4 51. Ke4 Kf6 52. Kxf4 Ke6 53.
Kg4 Kd5 54. Kxh4 Kd4 55. Bb5 c4 56. Bxc4 Ke5 57. Kh5 Kf4 58. h4 Kg3 59. Be6 Kf4
60. Kxh6 Ke5 61. Kg7 Kxe6 62. h5 Kf5 63. h6 Ke4 64. h7 Ke3 65. Kf6 Ke4 66. h8=Q
1-0

[Event "ICS rated blitz match"]
[Site "204.178.125.65"]
[Date "2000.07.04"]
[Round "?"]
[White "Hossa"]
[Black "PostModernist"]
[Result "1-0"]
[WhiteElo "2475"]
[BlackElo "2625"]
[PlyCount "145"]
[EventDate "2000.??.??"]

1. e4 e6 2. d4 g5 3. h4 gxh4 4. Nf3 Be7 5. Nc3 d5 6. Bd3 Nc6 7. e5 a6 8. Bf4 h6
9. a3 b5 10. Qd2 Bb7 11. a4 b4 12. Na2 a5 13. Nc1 Kd7 14. Nb3 Kc8 15. Bb5 Ra7
16. Nc1 Rh7 17. Bf1 Rg7 18. Nb3 Rg4 19. O-O-O Bg5 20. Be3 Bxe3 21. fxe3 h5 22.
Bb5 Nh6 23. Qf2 Nf5 24. Rh2 Qe7 25. Nc5 Ba8 26. Ba6+ Kd8 27. Bd3 Ng3 28. Rxh4
Rxh4 29. Nxh4 Qxh4 30. Qxf7 Kc8 31. Qxe6+ Kb8 32. Qg8+ Nd8 33. Ne6 Kc8 34. Nxd8
Qxd8 35. Qxg3 Bc6 36. Qh3+ Kb7 37. Qxh5 Qg8 38. Rg1 Bxa4 39. Qe2 Bd7 40. Qf2
Ra8 41. Kb1 Rf8 42. Qe2 Qg3 43. b3 Rf2 44. Qe1 Be6 45. Bg6 Kb6 46. Be8 Bg8 47.
Bh5 Bh7 48. Bd1 Be4 49. Kb2 Bxg2 50. e6 Kc6 51. Bg4 Kd6 52. Kb1 c6 53. Ka1 Ke7
54. Bh3 Qf3 55. Rxg2 Rxg2 56. Qh4+ Qf6 57. Qxf6+ Kxf6 58. Bxg2 Kxe6 59. Kb2 Kd7
60. c3 Kd6 61. Kc2 bxc3 62. e4 Ke6 63. exd5+ cxd5 64. Bxd5+ Kxd5 65. Kxc3 Kd6
66. Kc4 Kc6 67. d5+ Kd6 68. Kd4 Ke7 69. Kc5 Kd7 70. Kb6 Kd6 71. Kxa5 Kxd5 72.
Kb6 Kd4 73. b4 1-0

[Event "ICS rated standard match"]
[Site "204.178.125.65"]
[Date "2000.07.04"]
[Round "?"]
[White "PostModernist"]
[Black "Hossa"]
[Result "0-1"]
[WhiteElo "2374"]
[BlackElo "2264"]
[PlyCount "134"]
[EventDate "2000.??.??"]

1. d4 Nf6 2. c4 e6 3. Nf3 b6 4. g3 Bb7 5. Bg2 c5 6. O-O cxd4 7. Nxd4 Bxg2 8.
Kxg2 Bc5 9. Nc3 Nc6 10. Nxc6 dxc6 11. Bg5 O-O 12. Qa4 Qc7 13. Bxf6 gxf6 14.
Rfd1 f5 15. e3 Rad8 16. Kg1 Be7 17. Rac1 Bf6 18. Qc2 c5 19. Nb5 Qb7 20. Qe2 a6
21. Rxd8 Rxd8 22. Nc3 Qb8 23. f3 Qc7 24. a4 Rd7 25. Kg2 Qd8 26. Nb1 Rd3 27. Rc2
Rd1 28. Nd2 Ra1 29. b3 Qd6 30. f4 Qc6+ 31. Qf3 Qd7 32. Qe2 Qb7+ 33. e4 Bd4 34.
Kh3 fxe4 35. Nxe4 Rg1 36. Qg4+ Kh8 37. Ng5 Qd7 38. Rd2 Re1 39. Rd3 f6 40. Nf3
Rc1 41. Nh4 Rc3 42. Rxc3 Bxc3 43. Qf3 Ba5 44. Qa8+ Kg7 45. Qxa6 e5+ 46. f5 e4
47. Qa8 Qe7 48. Qc6 e3 49. Nf3 e2 50. Kg4 e1=Q 51. Nxe1 Bxe1 52. Qe6 Qxe6 53.
fxe6 Kf8 54. Kh5 Bd2 55. Kg4 Ke7 56. Kf5 Be1 57. g4 Bh4 58. Ke4 Kxe6 59. Kf4
Bg5+ 60. Ke4 Bd2 61. h3 Bg5 62. h4 Bxh4 63. Kf4 Bg5+ 64. Kg3 Ke5 65. Kg2 Kf4
66. Kf2 Kxg4 67. Ke2 h5 0-1

[Event "ICS Rated standard match"]
[Site "204.178.125.65"]
[Date "2000.07.04"]
[Round "?"]
[White "Hossa"]
[Black "Silicon"]
[Result "0-1"]
[WhiteElo "2285"]
[BlackElo "2655"]
[PlyCount "290"]
[EventDate "2000.??.??"]

1. e4 e5 2. Nf3 Nc6 3. Bc4 Bc5 4. c3 Nf6 5. d3 d6 6. Bb5 O-O 7. Bxc6 bxc6 8.
Nbd2 Qe7 9. O-O Be6 10. Qa4 Bb6 11. Nc4 c5 12. Bg5 h6 13. Bxf6 Qxf6 14. Ne3
Rfc8 15. Nd5 Qd8 16. Qd1 Ba5 17. Ne3 Rcb8 18. Qe2 Bb6 19. Nd2 c6 20. b3 a5 21.
f4 exf4 22. Rxf4 a4 23. bxa4 Rxa4 24. Rff1 Ba5 25. Nb1 Qg5 26. Nf5 Bxf5 27.
Rxf5 Qc1+ 28. Rf1 Qb2 29. Qxb2 Rxb2 30. Rf2 Rb7 31. g3 c4 32. d4 c5 33. dxc5
dxc5 34. Kg2 Kf8 35. Kf3 Rd7 36. Rc2 Rd1 37. Ke2 Rh1 38. Ke3 Bc7 39. a3 Ra8 40.
Rb2 Rb8 41. Rxb8+ Bxb8 42. a4 Be5 43. a5 Bxc3 44. a6 Bxa1 45. a7 Bd4+ 46. Kf3
Rf1+ 47. Kg4 Rxb1 48. a8=Q+ Ke7 49. Qa7+ Ke6 50. Qa6+ Kd7 51. Qxc4 Ke7 52. Qa6
Rb2 53. h4 g6 54. h5 gxh5+ 55. Kxh5 Rh2+ 56. Kg4 Kd7 57. Qb7+ Ke6 58. Qc6+ Ke7
59. e5 Re2 60. Qd6+ Ke8 61. Qxh6 Re4+ 62. Kf3 Rxe5 63. Qb6 Re3+ 64. Kf4 f6 65.
Qb7 Re5 66. g4 Re1 67. Qh7 Re2 68. Qa7 Re6 69. Qa5 Kd7 70. Kf5 Re3 71. Qa6 Re5+
72. Kg6 Re1 73. Qb5+ Kd6 74. Kf5 Re3 75. Qb7 Re5+ 76. Kf4 Rg5 77. Qb6+ Kd5 78.
Qb3+ Kd6 79. Qf7 Be5+ 80. Kf3 Bc3 81. Qb3 Bd4 82. Qb7 Be5 83. Qb6+ Kd5 84. Qa7
Kd4 85. Qa2 c4 86. Qd2+ Kc5 87. Qa5+ Kc6 88. Qa8+ Kb6 89. Qc8 Kb5 90. Qb7+ Ka5
91. Qe7 Bb2 92. Qe2 c3 93. Qe7 Re5 94. Qd8+ Ka4 95. Qb6 Re1 96. Qf2 Rc1 97.
Qd4+ Ka3 98. Qa7+ Kb3 99. Qf7+ Kb4 100. Qb7+ Kc5 101. Qe7+ Kc4 102. Qe6+ Kb4
103. Qb6+ Kc4 104. Kf2 Rc2+ 105. Kg3 Rc1 106. Qe6+ Kd3 107. Qd5+ Kc2 108. Qf5+
Kb3 109. Qe6+ Kc2 110. Qe4+ Kd2 111. Kf2 Rd1 112. Qf4+ Kc2 113. Qxf6 Kb1 114.
Ke2 Rd2+ 115. Ke3 c2 116. Qg6 Kc1 117. Qh6 Rd8 118. Qh7 Re8+ 119. Kd3 Kb1 120.
Kd2 Bc1+ 121. Kc3 Rc8+ 122. Kd3 Bb2 123. Ke2 Rh8 124. Qf5 Re8+ 125. Kd2 Bc1+
126. Kd3 Re3+ 127. Kc4 Bd2 128. Qb5+ Kc1 129. Kd4 Ra3 130. Qe2 Bc3+ 131. Kc4
Kb1 132. Qd3 Kb2 133. Qe2 Bg7 134. Qf2 Kb1 135. Qb6+ Bb2 136. Qg6 Rc3+ 137. Kb4
Ka1 138. g5 c1=Q 139. Qf5 Ba3+ 140. Ka5 Be7 141. Qe5 Bd8+ 142. Ka6 Qa3+ 143.
Kb7 Qb2+ 144. Ka7 Ra3+ 145. Qa5 Rxa5# {Hossa checkmated} 0-1

[Event "ICS rated blitz match"]
[Site "204.178.125.65"]
[Date "2000.07.04"]
[Round "?"]
[White "JudgeTurpin"]
[Black "Hossa"]
[Result "1-0"]
[WhiteElo "2617"]
[BlackElo "2498"]
[PlyCount "129"]
[EventDate "2000.??.??"]

1. e4 e5 2. Bc4 Nf6 3. d3 Nc6 4. Nf3 Bc5 5. Nc3 d6 6. Bg5 Na5 7. Bb3 Bg4 8. h3
Nxb3 9. axb3 Bd7 10. Nd5 c6 11. Nxf6+ gxf6 12. Bd2 Qe7 13. Be3 Bxe3 14. fxe3 f5
15. exf5 Bxf5 16. Qd2 e4 17. Nd4 Qh4+ 18. Qf2 Qxf2+ 19. Kxf2 Bg6 20. dxe4 Bxe4
21. Rhd1 Rg8 22. g4 d5 23. Kg3 Ke7 24. Rf1 c5 25. Nf5+ Ke6 26. Rf2 h5 27. Nh6
Rg7 28. Raf1 Rf8 29. Rf6+ Ke7 30. c3 hxg4 31. hxg4 Rh8 32. R1f4 Bg6 33. g5 Re8
34. Kg4 Rd8 35. b4 c4 36. Nf5+ Bxf5+ 37. R4xf5 Kf8 38. Rh6 Kg8 39. Re5 b6 40.
e4 dxe4 41. Rxe4 f5+ 42. Kxf5 Rd5+ 43. Ke6 Rgxg5 44. Rg6+ Rxg6+ 45. Kxd5 b5 46.
Re6 Rxe6 47. Kxe6 Kf8 48. Kd5 Ke7 49. Kc6 a6 50. Kb6 Kd6 51. Kxa6 Kc6 52. Ka5
Kd6 53. Kxb5 Kd5 54. Ka6 Kd6 55. b5 Kc5 56. b6 Kc6 57. b7 Kc7 58. Ka7 Kd6 59.
b8=Q+ Ke6 60. Qf4 Kd7 61. Qe4 Kd6 62. Kb6 Kd7 63. Qe5 Kd8 64. Kc6 Kc8 65. Qc7#
{Hossa checkmated} 1-0

[Event "ICS rated blitz match"]
[Site "204.178.125.65"]
[Date "2000.07.04"]
[Round "?"]
[White "Hossa"]
[Black "PostModernist"]
[Result "0-1"]
[WhiteElo "2487"]
[BlackElo "2602"]
[PlyCount "126"]
[EventDate "2000.??.??"]

1. e4 g6 2. d4 Bg7 3. Nc3 e6 4. Nf3 d6 5. Be2 Nd7 6. O-O a6 7. e5 dxe5 8. dxe5
Nxe5 9. Qxd8+ Kxd8 10. Nxe5 Bxe5 11. Ne4 Nf6 12. Nc5 Bd6 13. Bg5 Ke7 14. Nb3 h6
15. Bd2 Be5 16. c3 Bd7 17. Bf3 Bc6 18. Bxc6 bxc6 19. Rfd1 Ne4 20. Be3 a5 21. f3
Nd6 22. f4 Nc4 23. Kf2 Bd6 24. Rab1 g5 25. g3 Nxe3 26. Kxe3 gxf4+ 27. gxf4 Rhg8
28. Nd4 c5 29. Nc6+ Kf6 30. Rg1 Kf5 31. Rxg8 Rxg8 32. Rf1 Rg2 33. Nxa5 Rxb2 34.
h4 Rxa2 35. Nc4 Rh2 36. Kd3 Rxh4 37. Ne3+ Kg6 38. f5+ exf5 39. Nxf5 c4+ 40. Kc2
Rh2+ 41. Kd1 Rh3 42. Kc2 Be5 43. Rf3 Rxf3 44. Nh4+ Kf6 45. Nxf3 Ke6 46. Kd2 Kd5
47. Kc2 f5 48. Kd2 Bf6 49. Kc2 f4 50. Nd2 h5 51. Kb2 h4 52. Nf1 Ke4 53. Nh2 Kd3
54. Ka3 Ke2 55. Kb2 f3 56. Ng4 f2 57. Nxf6 f1=Q 58. Nd5 h3 59. Nxc7 h2 60. Ne6
h1=Q 61. Nd4+ Kf2 62. Ka3 Qb1 63. Nc6 Qb3# {Hossa checkmated} 0-1

[Event "ICS Rated blitz match"]
[Site "204.178.125.65"]
[Date "2000.07.04"]
[Round "?"]
[White "PostModernist"]
[Black "Hossa"]
[Result "1-0"]
[WhiteElo "2613"]
[BlackElo "2476"]
[PlyCount "48"]
[EventDate "2000.??.??"]

1. e4 g6 2. d4 Bg7 3. Nc3 e6 4. Be3 Nc6 5. d5 exd5 6. exd5 Nce7 7. Qd2 Nf6 8.
O-O-O O-O 9. h3 b5 10. Bxb5 a6 11. Bc4 Rb8 12. Re1 Nf5 13. Bf4 Nh5 14. Bg5 Bxc3
15. bxc3 Nf6 16. Nf3 Rb6 17. Ne5 Qe7 18. Bb3 Qc5 19. Ng4 Nh5 20. Nh6+ Nxh6 21.
Be7 d6 22. Bxf8 Ng7 23. Qxh6 Qa3+ 24. Kd1 Kxf8 {Hossa resigns} 1-0

[Event "ICS rated blitz match"]
[Site "204.178.125.65"]
[Date "2000.07.04"]
[Round "?"]
[White "Hossa"]
[Black "Tinker"]
[Result "1-0"]
[WhiteElo "2466"]
[BlackElo "2535"]
[PlyCount "103"]
[EventDate "2000.??.??"]

1. e4 e5 2. Nf3 Nf6 3. Nc3 Bb4 4. Nxe5 Qe7 5. Ng4 Bxc3 6. dxc3 Nxe4 7. Be2 O-O
8. Ne3 c6 9. O-O Re8 10. Qd4 b5 11. a4 bxa4 12. Re1 d6 13. Rxa4 c5 14. Qd3 Bd7
15. Nd5 Qe5 16. Ra3 c4 17. Qd1 Nf6 18. Nb6 Ng4 19. Bf4 Qxf4 20. Bxg4 Rxe1+ 21.
Qxe1 Qxg4 22. f3 Qf5 23. Nxa8 Qxc2 24. Ra1 h6 25. Qf2 Qxf2+ 26. Kxf2 Nc6 27.
Rd1 Kf8 28. Rxd6 Ke7 29. Rd5 Be6 30. Rd1 Ne5 31. Ra1 Kd6 32. Rxa7 Nd3+ 33. Ke3
Nxb2 34. Kd4 Kc6 35. Ra6+ Kb7 36. Rb6+ Kxa8 37. Rxb2 Ka7 38. g4 g6 39. h4 Ka8
40. Rh2 Kb7 41. h5 g5 42. Ke5 Kc6 43. Kf6 Bd5 44. Kg7 Bxf3 45. Kxh6 f5 46. gxf5
g4 47. f6 Bd5 48. Kg7 g3 49. Rd2 g2 50. Rxg2 Bxg2 51. h6 Bd5 52. f7 {
Tinker resigns} 1-0

[Event "ICS rated blitz match"]
[Site "204.178.125.65"]
[Date "2000.07.04"]
[Round "?"]
[White "Tinker"]
[Black "Hossa"]
[Result "1-0"]
[WhiteElo "2516"]
[BlackElo "2485"]
[PlyCount "111"]
[EventDate "2000.??.??"]

1. e4 g6 2. d4 Bg7 3. Nf3 d6 4. Nc3 Nf6 5. Be2 O-O 6. O-O Nbd7 7. e5 dxe5 8.
dxe5 Ng4 9. e6 Nde5 10. Qxd8 Rxd8 11. Nb5 Nxf3+ 12. gxf3 Nxh2 13. exf7+ Kxf7
14. Bc4+ Kf8 15. Kxh2 c6 16. Na3 b5 17. Bd3 Be6 18. Re1 Kf7 19. Kg2 Rab8 20.
Nb1 Rb7 21. Nc3 Bxc3 22. bxc3 Rbd7 23. Bg5 h5 24. a4 a6 25. axb5 axb5 26. Ra6
Bd5 27. Re5 Rb7 28. Bf4 Rg8 29. Rg5 Rd7 30. Be5 Rdd8 31. Kg3 Rc8 32. Bd4 Rcd8
33. Rb6 Rd7 34. f4 e6 35. Kh4 Bf3 36. Be5 Ra7 37. c4 bxc4 38. Bxc4 Bd5 39. Bd3
Bf3 40. Rg3 Bg4 41. Rxc6 Rd7 42. Bb5 Rb7 43. c4 Bf5 44. Ra6 Rd8 45. Bc6 Re7 46.
Rb3 Rd2 47. Ra8 g5+ 48. Kxg5 Re2 49. Bf6 Rb2 50. Rxb2 Rd7 51. Bxd7 Be4 52. Be8+
Kf8 53. Bc6+ Kf7 54. Be8+ Kf8 55. Bc6+ Kf7 56. Rb7# {Hossa checkmated} 1-0

[Event "ICS rated standard match"]
[Site "204.178.125.65"]
[Date "2000.07.04"]
[Round "?"]
[White "Tinker"]
[Black "Hossa"]
[Result "1-0"]
[WhiteElo "2295"]
[BlackElo "2283"]
[PlyCount "109"]
[EventDate "2000.??.??"]

1. e4 e5 2. Nf3 Nc6 3. Bb5 Nge7 4. O-O a6 5. Ba4 d6 6. d4 b5 7. Bb3 Nxd4 8.
Nxd4 exd4 9. a4 Bb7 10. Qxd4 c5 11. Qe3 c4 12. Ba2 Qd7 13. Nc3 b4 14. Nd5 Bxd5
15. exd5 Qxa4 16. Qf4 Rc8 17. Re1 f6 18. Qxd6 Qb5 19. Qe6 Kd8 20. Be3 Rb8 21.
Qd6+ Kc8 22. Bf4 Rb7 23. Bxc4 Ng6 24. Qe6+ Qd7 25. Bxa6 Qxe6 26. dxe6 Be7 27.
Bg3 f5 28. Ra5 f4 29. Bxf4 Nxf4 30. Rb5 Nxe6 31. Bxb7+ Kd7 32. Rd5+ Kc7 33.
Rxe6 Bf6 34. Rb5 Bxb2 35. Rxb4 Ba3 36. Rc6+ Kd7 37. Rb3 Bc1 38. Rd3+ Ke7 39.
Rc7+ Kf6 40. Rc6+ Ke7 41. Bc8 Rxc8 42. Rxc8 Bf4 43. Rc4 Bg5 44. g4 Bf6 45. Re4+
Kf7 46. c4 Kg6 47. c5 h5 48. c6 hxg4 49. c7 Kf5 50. Rde3 g5 51. c8=Q+ Kg6 52.
Qg8+ Kh6 53. Re6 g3 54. Qh8+ Kg6 55. Rxf6# {Hossa checkmated} 1-0

[Event "ICS Rated standard match"]
[Site "204.178.125.65"]
[Date "2000.07.04"]
[Round "?"]
[White "Hossa"]
[Black "Tinker"]
[Result "1-0"]
[WhiteElo "2268"]
[BlackElo "2310"]
[PlyCount "105"]
[EventDate "2000.??.??"]

1. e4 e5 2. Nf3 Nf6 3. Nc3 Bb4 4. Nxe5 Qe7 5. Ng4 Bxc3 6. dxc3 Nxe4 7. Be2 O-O
8. Ne3 c6 9. O-O d5 10. Qd4 Rd8 11. Re1 Qh4 12. Nf1 c5 13. Qe3 Nd7 14. Qf4 Qxf4
15. Bxf4 Ndf6 16. Rad1 Be6 17. h3 c4 18. Bf3 Rdc8 19. g4 Rd8 20. Ne3 Nc5 21.
Rd4 Rd7 22. Red1 Rad8 23. Bg5 Nce4 24. Bxe4 dxe4 25. Bxf6 gxf6 26. Rxd7 Rxd7
27. Rd4 Rxd4 28. cxd4 c3 29. b3 Kf8 30. Kg2 Ke7 31. Nd1 f5 32. Kg3 b5 33. gxf5
Bxf5 34. Nxc3 a6 35. Nd5+ Kd6 36. c4 Be6 37. Ne3 bxc4 38. bxc4 a5 39. h4 f6 40.
Kf4 Bf7 41. Kf5 Ke7 42. Kxe4 Bg6+ 43. Kd5 Bb1 44. a4 f5 45. Kc5 h6 46. Kb5 Be4
47. Kxa5 f4 48. Nd5+ Kd6 49. Kb5 Bxd5 50. cxd5 Kxd5 51. a5 Kxd4 52. a6 Kd3 53.
a7 {Tinker resigns} 1-0

[Event "ICS rated blitz match"]
[Site "204.178.125.65"]
[Date "2000.07.05"]
[Round "?"]
[White "nadel"]
[Black "Hossa"]
[Result "0-1"]
[WhiteElo "2226"]
[BlackElo "2477"]
[PlyCount "98"]
[EventDate "2000.??.??"]

1. Nf3 Nf6 2. c4 d6 3. d4 c5 4. dxc5 Qa5+ 5. Nc3 Qxc5 6. e3 g6 7. Be2 Bg7 8.
O-O O-O 9. e4 Nc6 10. Be3 Qa5 11. h3 Nd7 12. Nd4 Nc5 13. Nd5 Bxd4 14. Bxd4 Nxe4
15. Be3 e6 16. Nf4 Ne5 17. b3 b6 18. Qc2 Bb7 19. Rad1 Rac8 20. Qb2 Qc3 21. Bd4
Qxb2 22. Bxb2 b5 23. cxb5 Rc2 24. Bxe5 dxe5 25. Bd3 Rxa2 26. Ne2 Rb2 27. Bc4
Nd2 28. Rfe1 Nxb3 29. Rd7 Na5 30. Ng3 Bc8 31. Rc7 Rc2 32. Rxa7 Nxc4 33. Rc7 Rd8
34. b6 f5 35. Rxe5 Nxe5 36. Rxc2 Ba6 37. Ra2 Ra8 38. Rc2 Nc4 39. Ne2 Nxb6 40.
Nd4 e5 41. Ne6 Bc4 42. Ng5 e4 43. Rb2 Ra6 44. h4 h6 45. Nh3 Nd5 46. Rb8+ Kg7
47. Rb7+ Kf6 48. Rh7 f4 49. Rxh6 Kg7 {nadel resigns} 0-1

[Event "ICS rated blitz match"]
[Site "204.178.125.65"]
[Date "2000.07.05"]
[Round "?"]
[White "Hossa"]
[Black "QueenMaxima"]
[Result "1-0"]
[WhiteElo "2483"]
[BlackElo "2593"]
[PlyCount "153"]
[EventDate "2000.??.??"]

1. e4 e5 2. Nf3 Nc6 3. Bb5 a6 4. Ba4 Nf6 5. O-O Be7 6. Re1 b5 7. Bb3 d6 8. c3
O-O 9. d4 Bg4 10. d5 Na5 11. Bc2 c6 12. a4 Qd7 13. Na3 Rfd8 14. axb5 axb5 15.
h3 Bh5 16. Bd3 Bxf3 17. Qxf3 Nb3 18. dxc6 Qxc6 19. Rb1 Nxc1 20. Rexc1 Ra5 21.
Ra1 d5 22. exd5 Qxd5 23. Qxd5 Rxd5 24. Bf1 Bxa3 25. Rxa3 Rxa3 26. bxa3 Kf8 27.
Rb1 Ne4 28. c4 bxc4 29. Bxc4 Rd4 30. Rb8+ Ke7 31. Rb7+ Kd6 32. Bxf7 Rd1+ 33.
Kh2 Nxf2 34. Bg8 Rh1+ 35. Kg3 Ne4+ 36. Kf3 Ng5+ 37. Kg4 h6 38. Rxg7 Nxh3 39.
Rg6+ Kc5 40. gxh3 Ra1 41. Kf5 Rxa3 42. Rxh6 Re3 43. h4 Re2 44. Re6 Kd4 45. Rd6+
Kc5 46. Rd5+ Kb6 47. Rxe5 Rf2+ 48. Kg6 Kc7 49. h5 Kd6 50. Re6+ Kc5 51. Kg7 Rf1
52. h6 Rg1+ 53. Rg6 Rd1 54. Rg5+ Kb4 55. h7 Rh1 56. Bd5 Rh2 57. Be4 Kc4 58. Bc6
Kd3 59. Rg4 Rh3 60. Bb5+ Ke3 61. Bd7 Rh5 62. Bc6 Ke2 63. Bf3+ Kxf3 64. Ra4 Ke3
65. Kg6 Rh2 66. Ra8 Kd4 67. h8=Q+ Rxh8 68. Rxh8 Ke4 69. Rd8 Kf4 70. Re8 Kf3 71.
Kg5 Kg3 72. Rf8 Kh2 73. Kh4 Kg2 74. Kg4 Kh2 75. Kf3 Kh1 76. Kf2 Kh2 77. Rh8#
1-0

[Event "ICS rated blitz match"]
[Site "204.178.125.65"]
[Date "2000.07.05"]
[Round "?"]
[White "QueenMaxima"]
[Black "Hossa"]
[Result "1-0"]
[WhiteElo "2572"]
[BlackElo "2504"]
[PlyCount "201"]
[EventDate "2000.??.??"]

1. e4 e5 2. Nf3 Nc6 3. Bb5 a6 4. Ba4 Nf6 5. O-O Be7 6. Re1 b5 7. Bb3 d6 8. c3
O-O 9. h3 Nd7 10. d4 Bf6 11. a4 Bb7 12. Na3 exd4 13. cxd4 Re8 14. Bf4 Na5 15.
Bc2 b4 16. Nb1 b3 17. Bd3 c5 18. Bxd6 cxd4 19. Bb4 Nc6 20. Bd6 Nde5 21. Bxe5
Nxe5 22. Nxe5 Bxe5 23. Nd2 Rb8 24. Nxb3 Qd6 25. Rc1 Bc8 26. Bc4 Bh2+ 27. Kh1
Bf4 28. Rc2 Be5 29. Bd5 Qf6 30. Qd3 Qf4 31. g3 Qh6 32. h4 Qb6 33. Rd1 a5 34. f4
Bf6 35. Nxd4 Bg4 36. Rdd2 Bxd4 37. Qxd4 Qg6 38. Rc6 Qh5 39. Rc7 Be6 40. Bxe6
Rxe6 41. Kg2 Ree8 42. e5 Qf5 43. Qd5 Ra8 44. Rc5 Qb1 45. Rxa5 Rab8 46. Ra7 Rf8
47. e6 Rxb2 48. exf7+ Kh8 49. Rxb2 Qxb2+ 50. Kf3 Qc1 51. Qd6 Qf1+ 52. Kg4 Qe2+
53. Kf5 Qh5+ 54. Ke6 Qe2+ 55. Qe5 Qd3 56. Qc5 Qe4+ 57. Kd6 Qd3+ 58. Kc6 Qg6+
59. Kb5 Qd3+ 60. Kb6 Qd8+ 61. Kc6 Qb8 62. Kd5 Qb3+ 63. Ke5 Qb2+ 64. Ke4 Qe2+
65. Qe3 Qa2 66. Kf3 Qd5+ 67. Kf2 h5 68. Qe7 Qd2+ 69. Qe2 Qd4+ 70. Kf1 Qc5 71.
Rc7 Qd5 72. Rd7 Qh1+ 73. Kf2 Qh2+ 74. Kf3 Qg1 75. Qe7 Qf1+ 76. Ke3 Qc1+ 77. Kd4
Qb2+ 78. Ke4 Qe2+ 79. Kd5 Qd3+ 80. Ke6 Qe4+ 81. Kd6 Qd4+ 82. Kc6 Qxa4+ 83. Kd5
Kh7 84. Qe8 Qb5+ 85. Kd4 Qb4+ 86. Kd3 Qb3+ 87. Kd2 Qxg3 88. Qxf8 Qxf4+ 89. Kd3
Qf1+ 90. Kc3 Qf6+ 91. Rd4 Kg6 92. Qe8 Qf3+ 93. Kb2 Qf2+ 94. Ka3 Qf3+ 95. Ka4
Qxf7 96. Rd6+ Kf5 97. Qxf7+ Ke5 98. Re6+ Kd4 99. Qf3 Kc4 100. Rd6 Kc5 101. Qd5#
{Hossa checkmated} 1-0

[Event "ICS rated blitz match"]
[Site "204.178.125.65"]
[Date "2000.07.05"]
[Round "?"]
[White "Hossa"]
[Black "brutus"]
[Result "1-0"]
[WhiteElo "2491"]
[BlackElo "2156"]
[PlyCount "55"]
[EventDate "2000.??.??"]

1. e4 e6 2. d4 d5 3. e5 Bd7 4. Nf3 c5 5. Be2 Nc6 6. c3 cxd4 7. cxd4 Nge7 8. O-O
Nf5 9. Nc3 Be7 10. Bd3 Nh4 11. Nxh4 Bxh4 12. Qg4 g6 13. Bh6 Be7 14. Nb5 a6 15.
Nd6+ Bxd6 16. exd6 Qb8 17. Qf4 Qa7 18. Bg7 Rg8 19. Bf6 h5 20. Rfe1 Rc8 21. Rad1
Qb6 22. Rd2 Nb4 23. Bb1 a5 24. a3 Na6 25. Qe5 Bc6 26. Bg5 Bd7 27. Ba2 Rc6 28.
Qf6 {brutus resigns} 1-0

[Event "ICS rated blitz match"]
[Site "204.178.125.65"]
[Date "2000.07.05"]
[Round "?"]
[White "brutus"]
[Black "Hossa"]
[Result "0-1"]
[WhiteElo "2152"]
[BlackElo "2495"]
[PlyCount "72"]
[EventDate "2000.??.??"]

1. e4 c5 2. Nf3 b6 3. d4 cxd4 4. Nxd4 Bb7 5. Nc3 Nc6 6. Be3 e6 7. Qd2 Nf6 8. f3
Bc5 9. a3 O-O 10. Bc4 d5 11. Nxc6 Bxc6 12. Bxc5 bxc5 13. Bd3 c4 14. Be2 dxe4
15. Qxd8 Rfxd8 16. fxe4 Nxe4 17. Bf3 Nxc3 18. Bxc6 Rac8 19. Bf3 Na4 20. b3 cxb3
21. cxb3 Nc5 22. b4 Nd3+ 23. Ke2 Rc2+ 24. Ke3 f5 25. Be2 f4+ 26. Kf3 g5 27. h3
Ne5+ 28. Kf2 Rdd2 29. Rhe1 Nd3+ 30. Kf1 Nxe1 31. Rxe1 Ra2 32. Bc4 Rf2+ 33. Kg1
Rxg2+ 34. Kh1 Rh2+ 35. Kg1 Rag2+ 36. Kf1 f3 {brutus resigns} 0-1